LEADER 01349nam a22003495i 4500 001 991002223749707536 007 cr nn 008mamaa 008 121227s2000 de | s |||| 0|eng d 020 $a9783540455776 035 $ab14140536-39ule_inst 040 $aBibl. Dip.le Aggr. Matematica e Fisica - Sez. Matematica$beng 082 04$a519.2$223 084 $aAMS 60-02 084 $aAMS 60E 100 1 $aGraf, Siegfried$062624 245 10$aFoundations of quantization for probability distributions$h[e-book] /$cby Siegfried Graf, Harald Luschgy 260 $aBerlin :$bSpringer,$c2000 300 $a1 online resource (x, 230 p.) 440 0$aLecture Notes in Mathematics,$x0075-8434 ;$v1730 650 0$aMathematics 650 0$aOptical pattern recognition 650 0$aDistribution (Probability theory) 650 0$aMathematical statistics 650 0$aTelecommunication 700 1 $aLuschgy, Harald$eauthor$4http://id.loc.gov/vocabulary/relators/aut$062625 773 0 $aSpringer eBooks 856 40$uhttp://dx.doi.org/10.1007/BFb0103945$zAn electronic book accessible through the World Wide Web 907 $a.b14140536$b03-03-22$c05-09-13 912 $a991002223749707536 996 $aFoundations of quantization for probability distributions$978785 997 $aUNISALENTO 998 $ale013$b05-09-13$cm$d@ $e-$feng$gde $h0$i0 LEADER 02613pam 2200637 a 450 001 9910140579703321 005 20230828195133.0 010 $a0-89236-389-4 035 $a(CKB)3130000000000287 035 $a(MH)007341281-3 035 $a(SSID)ssj0001115272 035 $a(PQKBManifestationID)12356054 035 $a(PQKBTitleCode)TC0001115272 035 $a(PQKBWorkID)11062217 035 $a(PQKB)10953287 035 $a(EXLCZ)993130000000000287 100 $a19951207d1996 uy 0 101 0 $aeng 181 $ctxt 182 $cc 183 $acr 200 10$aStone conservation $ean overview of current research /$fC.A. Price$b[electronic resource] 210 $aSanta Monica, CA $cGetty Conservation Institute$d1996 215 $a1 online resource (xiii, 73 p. ) 225 0 $aResearch in conservation Stone conservation 225 0$aResearch in conservation 300 $aBibliographic Level Mode of Issuance: Monograph 320 $aIncludes bibliographical references (p. 43-66) and index. 327 $aStone decay -- Putting it right: preventive and remedial treatments -- Do they work? Assessing the effectiveness of treatments -- Putting it into practice: conservation policy -- Doing better: increasing the effectiveness of research. 517 $aStone Conservation: An Overview of Current Research 606 $aBuilding stones$xDeterioration 606 $aStone buildings$xConservation and restoration 606 $aBuilding stones$xDeterioration 606 $aStone buildings$xConservation and restoration 606 $aChemical & Materials Engineering$2HILCC 606 $aEngineering & Applied Sciences$2HILCC 606 $aMaterials Science$2HILCC 615 0$aBuilding stones$xDeterioration. 615 0$aStone buildings$xConservation and restoration. 615 0$aBuilding stones$xDeterioration. 615 0$aStone buildings$xConservation and restoration. 615 7$aChemical & Materials Engineering 615 7$aEngineering & Applied Sciences 615 7$aMaterials Science 676 $a691/.2 700 $aPrice$b C. A$01232081 712 02$aGetty Conservation Institute. 801 0$bDLC 801 1$bDLC 801 2$bDLC 801 2$bMH-FA 906 $aBOOK 912 $a9910140579703321 996 $aStone conservation$92860759 997 $aUNINA 999 $aThis Record contains information from the Harvard Library Bibliographic Dataset, which is provided by the Harvard Library under its Bibliographic Dataset Use Terms and includes data made available by, among others the Library of Congress